00899ngm a2200265 4500003000400000005001700004007000500021008004100026010002000067024002300087035002000110040001300130082001500143245007200158260001600230300004700246440001600293500010300309538004900412538009700461650001100558700002500569700002000594700001900614dpl20090112124233.0DVD ||||||sp199 xxu|||||c ||| 00| 0 ng d  aDVD-002056-2058 c295.00aTDIDE 452C aDVD-002056-2058 aDPLcDPL aDVD / HANU aHanuman Raksha KavachcTimes Music Presentsh[videorecording] DVD/ bTimes Music a1 compactdisc ACD; bsd., c4 3/4 in.fACD aTimes Music a1. Hanumat Pujan 2. Hanumat Dwaadash 3. Hanumat Raksha Kavach 4. Hanumat Saathika 5. Hanuman Aarti aDolby Digital 5.1 - Hindi Subtitles: English aAnamorphic Wide Screen Format, Presented 2:35.1 Aspect Ratio Enhancaead for 16:9 Wide Screen aAudio  aSharma, Rattan Mohan aBhide, Narendra aJoshi, Surekha